Responses for Show #4229 - Thursday, January 9, 2003

2003 Holiday Kids Week game 4.

Contestants

[<< previous game]

Francis Musella, a twelve-year-old from Boynton Beach, Florida

Allyson McDonough, a twelve-year-old from Marietta, Georgia

Patrick Derocher, a twelve-year-old from Oak Hill, Virginia

[next game >>]

Jeopardy! Round responses

U.S. GEOGRAPHY
YULETIDE DITTIES
BOOK REPORT
(Alex: Oh, the dreaded book report!)
SCHOOL SUPPLIES
TEACHER'S PET
HEY, THAT RHYMES!
    $200 1
Pikes Peak

Francis
    $200 4
"Jingle Bells"

Patrick
    $200 11
Sherlock Holmes

Francis
    $200 18
pencil

Francis
    $200 15
(Francis: What are butterflies?)
(Alex: We'll accept that.)

butterfly net

Francis
    $200 12
a far car

Patrick
    $400 2
the Great Salt Lake

Patrick
    $400 7
Frosty the Snowman

Patrick
    $400 17
(Patrick: What is Manderley?)
...
(Alex: You're reading books that are too advanced for you!)

Sunnybrook Farm

Patrick
Triple Stumper
    $1,600 19
eraser

Francis
    $400 16
rabbits

Allyson
    $400 13
free tree

Patrick
    $600 3
Tennessee

Allyson
    $600 8
foggy

Patrick
    $600 24
(Francis: Who is Robert E. Lee?)
...
(Alex: We have less than a minute now.)

Ulysses S. Grant

AllysonFrancis
    $600 23
compass

Patrick
    $600 22
tropical fish

Triple Stumper
    $600 14
wet jet

Allyson
    $800 5
Dallas

Patrick
    $800 9
a manger

Francis
    $800 25
the Sidewalk Ends

Triple Stumper
    $800 27
college ruled

Patrick
    $800 29
[The end-of-round signal sounds.]

hives

Allyson
    $800 20
June moon

Francis
    $1000 6
Long Island

Allyson
    $1000 10
pout

Patrick
    $1000 26
Winn-Dixie

Patrick
    $1000 28
protractor

Patrick
    $1000 21
hot cot

Francis

Scores at the first commercial break (after clue 16):

Patrick Allyson Francis
$4,000 $2,600 $1,400

Scores at the end of the Jeopardy! Round:

Patrick Allyson Francis
$7,000 $4,000 $4,400

Double Jeopardy! Round responses

THE REVOLUTIONARY WAR
GET INTO SHAPE
NOTABLE NAMES
EARTH DAY
NATIONAL PARK PLACE
(SpongeBob: Hello, I'm SpongeBob SquarePants and a category all about...)
NICKELODEON
    $400 26
Concord

Patrick
    $400 16
square

Francis
    $400 2
Martin Luther King, Jr.

Allyson
    $400 11
axis

Francis
    $400 21
Arizona

Patrick
    $400 1
Arnold

Patrick
    $800 27
Valley Forge

Patrick
    $800 17
rectangle

Patrick
    $800 5
Thomas Edison

Patrick
    $800 12
93 million miles

Patrick
    $800 22
California

Allyson
    $800 3
Rugrats

Allyson
    $1200 28
Loyalist

Allyson
    $1200 18
(Patrick: What is round?)

circle

PatrickFrancis
    $1,000 6
Susan B. Anthony

Patrick
    $1200 13
geology

Francis
    $1200 23
(Alex: With a minute to go.)

Texas

Francis
    $1200 4
a pineapple

Patrick
    $1600 29
[The end-of-round signal sounds.]

Bonhomme Richard

Triple Stumper
    $1600 19
almond

Patrick
    $1600 7
Clara Barton

Francis
    $1600 14
mantle

Francis
    $1600 24
Washington

Patrick
    $1600 8
Blue's Clues

Allyson
    $2000 20
2 (12 to 10)

Francis
    $2000 10
Frederick Douglass

Allyson
    $500 15
the Jurassic

Francis
    $2000 25
Virginia

Patrick
    $2000 9
Rocket Power

Patrick

Scores at the end of the Double Jeopardy! Round:

Patrick Allyson Francis
$19,600 $10,800 $14,500

[wagering suggestions for these scores]

Final Jeopardy! Round responses

WORLD CAPITALS
AllysonWhat is Mexico City
$10,000
FrancisWhat is Mexico City
$10,000
PatrickWhat is Mexico City
$9,401
(1 of 3) Guatemala City, Mexico City or Panama City

Final scores:

Patrick Allyson Francis
$29,001 $20,800 $24,500
Winner 3rd place: $1,000 + a Hewlett-Packard desktop computer 2nd place: $2,000 + a Hewlett-Packard desktop computer

Game dynamics:

Coryat scores:

Patrick Allyson Francis
$19,800 $10,800 $14,800
25 R
(including 1 DD),
2 W
12 R,
0 W
17 R
(including 2 DDs),
1 W

Combined Coryat: $45,400

[game clues] [game scores] [suggest correction]

Game tape date: 2002-11-08
The J! Archive is created by fans, for fans. Scraping, republication, monetization, and malicious use prohibited; this site may use cookies and collect identifying information. See terms. The Jeopardy! game show and all elements thereof, including but not limited to copyright and trademark thereto, are the property of Jeopardy Productions, Inc. and are protected under law. This website is not affiliated with, sponsored by, or operated by Jeopardy Productions, Inc. Join the discussion at JBoard.tv.